| 000 | 00847nam a2200205 a 4500 | ||
|---|---|---|---|
| 008 | 130731s2009 ||||||||||||||||| || u | ||
| 020 | _a9780443102844 | ||
| 050 | _aQR 46 WAR | ||
| 100 | _aWard, Katherine N | ||
| 245 | 1 | 0 |
_aNotes on medical microbiology: including virology and parasitology. (2nd ed.) _cby Katherine N. Ward, A. Christine McCartney and Bishan Thakker |
| 250 | _a2nd ed. | ||
| 260 |
_aEdinburgh: _bChurchill Livingstone/Elsevier _c2009 |
||
| 300 | _aviii, 597p.: ill. | ||
| 650 | _aMICROBIOLOGY--HANDBOOKS | ||
| 650 | _aPARASITOLOGY--HANDBOOKS | ||
| 650 | 0 | _aMEDICAL MICROBIOLOGY | |
| 700 | _aThakker, Bishan | ||
| 700 | _aMcCartney, Christine A | ||
| 995 |
_aMEDICAL LIBRARY OPEN ACCESS _e902146 _FCBU-SCHOOL OF MEDICINE LIBRARY (Ndola) _jQR 46 WAR _M1 _UAVAILABLE _WAug 22, 2013 _y902146 _ZMedical Library Open Access Collection |
||
| 999 |
_c32187 _d32187 |
||